| 000 | 01094naa a2200289 c 4500 | ||
|---|---|---|---|
| 001 | 38629 | ||
| 003 | ES-MaCES | ||
| 005 | 20231206040007.0 | ||
| 008 | 090326n2009 sp t 000 | spa d | ||
| 035 | _aCES20090000684v | ||
| 040 |
_aES-MaCES _bspa _cES-MaCES |
||
| 100 | 1 |
_aMorales Ortega, José Manuel _919012 |
|
| 245 | 1 | 3 |
_aLa incidencia de la Ley de Igualdad sobre la acumulación de acciones y la indemnización por daños y perjuicios _bJosé M. Morales Ortega |
| 500 | _aResumen | ||
| 610 | 1 | 7 |
_aEspaña _tLey orgánica para la igualdad efectiva de mujeres y hombres, 2007 _2 _93183 |
| 650 | 4 |
_aindemnización _930642 |
|
| 650 | 4 |
_aderechos de la mujer _927173 |
|
| 650 | 4 |
_aconciliación _927303 |
|
| 650 | 4 |
_adiscriminación _927180 |
|
| 650 | 4 |
_aigualdad de oportunidades _927183 |
|
| 650 | 4 |
_amujeres _928657 |
|
| 653 | 1 | 0 | _aJurisprudencia |
| 773 | 0 |
_tRelaciones laborales _gaño 25, n. 3 (8 feb. 2009){10194 R. 073499}; p. 13-40 _w(ES-MaCES)25210 _943068 |
|
| 902 | _aART Artículo de revista | ||
| 942 |
_2CES _cAR _h6.2. |
||
| 999 |
_c38629 _d38629 |
||